Girona–Costa Brava Airport Destinations (Girona, Spain) - Map - Statistics

General Stats
  • This quiz has been taken 33 times
  • The average score is 40 of 50
Answers on the Map
Answers color-coded by a green-red scale on the quiz's map according to % correct below.
 
Answer Stats
Destination % Correct
Brussels
100%
Amsterdam
95%
Bari
95%
Belfast (International)
95%
Birmingham
95%
Bristol
95%
Cork
95%
Dublin
95%
Edinburgh
95%
Glasgow
95%
London (Gatwick)
95%
London (Luton)
95%
London (Stansted)
95%
Manchester
95%
Newcastle upon Tyne
95%
Prague
95%
Rotterdam/The Hague
95%
Bucharest (Băneasa)
91%
Budapest
91%
Eindhoven
91%
Gdańsk
91%
Kraków
91%
Luxembourg
91%
Pisa
91%
Sarajevo
91%
Warsaw (Chopin)
91%
Wrocław
91%
Zagreb
91%
Hahn
86%
Leeds/Bradford
86%
Charleroi
82%
Nuremberg
82%
Shannon
82%
Aalborg
77%
Marrakesh
77%
Katowice
73%
Beauvais
68%
Bournemouth
68%
Lublin
68%
Ostrava
68%
Poznań
68%
East Midlands
64%
Knock
64%
Karlsruhe/Baden-Baden
59%
Memmingen
45%
Weeze
45%
Pescara
36%
Pardubice
27%
Paderborn/Lippstadt
23%
Beni Mellal
14%
No matching quizzes found
Score Distribution
Percent of People with Each Score
Percentile by Number Answered
Your Score History
You have not taken this quiz